000 00279nam a22001217a 4500
008 180917b xxu||||| |||| 00| 0 eng d
041 _aeng
080 _28 ED
_a618
100 _a10
101 _aGJI
245 _aLangman s Medical Embryology
_cSadler.T.W
942 _2udc
_cBK
999 _c47864
_d47864